000 01612nam a2200217Ia 4500
001 15772
003 GE_BSU
008 181216s||||||||xx |||||||||||||| ||und||
040 _cGE_BSU
080 _a821.353.1-32
245 _aძველი ქართული მოთხრობა
245 _bV-XII საუკუნეები
245 _cშეადგინა, წინასიტყვ. დაურთო და რედაქცია გაუკეთა რ. თვარაძემ
260 _aთბილისი
260 _bსაბჭ. საქართველო
260 _c1979
300 _a542 გვ. : 2 ფ. ილ. ; 21 სმ
653 _aუცნობი ავტორი; გობრონის წამება / ს. მტბევარი; დავით და კონსტანტინეს წამება / უცნობი ავტ.; ნინოს ცხოვრება / უცნობი ავტორი; გრიგოლ ხანძთელის ცხოვრება / გიორგი მერჩულე [და სხვ
653 _aშუშანიკის წამება / იაკობ ხუცესი; ევსტათი მცხეთელის წამება / უცნობი ავტორი; სიბრძნე ბალაჰვარისა / უცნობი ავტორი; ჰაბოს წამება / იოვანე საბანის ძე; კოსტანტი კახის წამება
942 _cBK
999 _c48870
_d48870